| 000 | 00000nam##2200000za#4500 |
| 001 | 9.698613 |
| 003 | CaOODSP |
| 005 | 20241203113638 |
| 007 | cr ||||||||||| |
| 008 | 150407|2014||||xxc|||||o f|0| 0 eng|d |
| 020 | |a978-1-100-22916-4 |
| 040 | |aCaOODSP|beng |
| 043 | |an-cn--- |
| 086 | 1 |aEn4-233/2013E-PDF |
| 110 | 1 |aCanada. |bEnvironment Canada. |
| 245 | 10|aColomac Mine remediation project |h[electronic resource] |
| 246 | 1 |iAt head of title : |aFederal Contaminated Sites Action Plan (FCSAP) |
| 260 | |aGatineau - Quebec : |bEnvironment Canada |cc2014. |
| 300 | |a2p.|bphotographs |
| 590 | |a15-13|b2015-03-27 |
| 690 | 07|aMining industry|2gcpds |
| 690 | 07|aDecontamination|2gcpds |
| 690 | 07|aPollution control|2gcpds |
| 775 | 08|tProjet d'assainissement de la mine Colomac |w(CaOODSP)9.642620 |
| 776 | 0#|tColomac Mine remediation project |w(CaOODSP)9.630106 |
| 856 | 40|ahttp://publications.gc.ca|qPDF|s1.29 MB|uhttps://publications.gc.ca/collections/collection_2015/ec/En4-233-2013-eng.pdf |